Active listening: introducing skills for understanding, student's book
Sábháilte in:
| Príomhchruthaitheoirí: | , |
|---|---|
| Formáid: | LEABHAR |
| Teanga: | Béarla |
| Foilsithe / Cruthaithe: |
Nueva York
Cambridge University
1995
|
| Ábhair: | |
| Clibeanna: |
Cuir clib leis
Níl clibeanna ann, Bí ar an gcéad duine le clib a chur leis an taifead seo!
|
MARC
| LEADER | 00000nam a2200000 a 4500 | ||
|---|---|---|---|
| 001 | UCO8518 | ||
| 003 | CL-VaPUC | ||
| 008 | 001215e19950000US |||||||||||||||||eng|d | ||
| 020 | |a 0521398819 | ||
| 082 | 0 | 4 | |a 372.6521 |b HEL |2 21 |
| 100 | |a Helgesen, Marc |e author |9 611943 | ||
| 700 | 0 | |a Brown, Steven |e author |9 453467 | |
| 245 | 1 | 0 | |a Active listening: introducing skills for understanding, student's book |
| 300 | |a 69 p | ||
| 942 | |c BK | ||
| 945 | |d 20001215 00:00:00 |a cmena | ||
| 260 | |a Nueva York |b Cambridge University |c 1995 | ||
| 500 | |a Material complementario: 2 cassettes | ||
| 650 | 0 | |a Enseñanza del inglés |9 367340 | |
| 650 | 0 | |a Educación básica |9 224933 | |
| 650 | 0 | |a Métodos de enseñanza |9 270413 | |
| 650 | 7 | |a MATERIAL AUDIOVISUAL |2 CL-VaPUC |9 308466 | |
| 583 | |a last modification |c 20001215 00:00:00 |k Rodrigo Vera | ||
| 999 | |c 293133 |d 293131 | ||
| 952 | |0 0 |1 0 |4 0 |6 372_652100000000000_HEL_1995 |7 0 |8 A |9 344375 |a BIBEDU |b BIBEDU |d 2019-11-20 |i 3672204 |o 372.6521 HEL 1995 |p 3672204 |r 2019-11-20 |w 2019-11-20 |y BK |k LIT | ||
| 952 | |0 0 |1 0 |4 0 |6 372_652100000000000_HEL_1995 |7 0 |8 A |9 344376 |a BIBEDU |b BIBEDU |d 2019-11-20 |i 4059298 |o 372.6521 HEL 1995 |p 4059298 |r 2019-11-20 |w 2019-11-20 |y BK |k LIT | ||